[Event "FIDE Online Olympiad"]
[Site "Chess.com"]
[Date "2020.08.21"]
[EventDate "2020.08.21"]
[Round "1"]
[Result "1-0"]
[White "Solenn Afraoui"]
[Black "Ticia Gara"]
[WhiteElo "1823"]
[BlackElo "2274"]
[Source "Chess-Results"]
[PlyCount "108"]

1. e4  c5  2. Nf3  Nc6  3. Nc3  g6  4. d4  cxd4  5. Nxd4  Bg7  6. Nde2  d6  7. g3  h5  8. h3  Bd7  9. Bg2  Qc8  10. Be3  Nf6  11. f4  O-O  12. Nd5  Nxd5  13. exd5  Nb4  14. c3  Na6  15. Bd4  Bxd4  16. Nxd4  Qc4  17. Qf3  Rae8  18. g4  e5  19. dxe6  Bxe6  20. Kd2  Nc5  21. gxh5  Bf5  22. Nxf5  gxf5  23. h6  Kh7  24. Bf1  Qe6  25. Rg1  Qxh6  26. Kc2  Re4  27. Rg5  Rxf4  28. Qxf4  Ne6  29. Qxf5+  Kh8  30. Rh5  Qxh5  31. Qxh5+  Kg7  32. Bd3  Kf6  33. Qh4+  Ke5  34. Re1+  Kd5  35. Qe4+  Kc5  36. b4+  Kb6  37. Qe3+  Kc7  38. Qxa7  Rh8  39. Qa5+  Kd7  40. Bb5+  Ke7  41. Qc7+  Kf6  42. Qxd6  Rxh3  43. Rf1+  Kg7  44. Rg1+  Kf6  45. Bc4  Re3  46. Bxe6  Rxe6  47. Qd8+  Kf5  48. Rf1+  Ke5  49. Rxf7  Rg6  50. Qd4+  Ke6  51. Rf2  Rg3  52. Rf6+  Ke7  53. Qd6+  Ke8  54. Rf8#   1-0

[Event "FIDE Online Olympiad"]
[Site "Chess.com"]
[Date "2020.08.21"]
[EventDate "2020.08.21"]
[Round "1"]
[Result "1-0"]
[White "Adam Kozak"]
[Black "Theo Bressy"]
[WhiteElo "2438"]
[BlackElo "2180"]
[Source "Chess-Results"]
[PlyCount "86"]

1. Nf3  g6  2. c4  Bg7  3. Nc3  e5  4. d4  exd4  5. Nxd4  Nc6  6. Nxc6  bxc6  7. g3  Rb8  8. Bg2  Nf6  9. O-O  O-O  10. Qd3  Ng4  11. b3  Bb7  12. Ba3  d6  13. Rad1  Ne5  14. Qc2  Qc8  15. Bb2  Qe6  16. Qd2  Rbd8  17. Ba1  Ba8  18. Na4  d5  19. cxd5  cxd5  20. Qa5  Nc6  21. Qd2  Bxa1  22. Rxa1  d4  23. Rac1  Rd6  24. Nc5  Qe7  25. Nd3  Re8  26. Rfe1  Qd8  27. Rc5  Rde6  28. Nf4  Rd6  29. Rec1  Ne5  30. Bxa8  Qxa8  31. Nd3  Nxd3  32. Qxd3  c6  33. R1c2  Ree6  34. b4  Qe8  35. a3  Kg7  36. h4  h5  37. Kf1  Re4  38. Ra5  Qe7  39. Rxa7  Qxa7  40. Qxe4  Qxa3  41. Qe5+  Rf6  42. Rxc6  Qa1+  43. Kg2   1-0

[Event "FIDE Online Olympiad"]
[Site "Chess.com"]
[Date "2020.08.21"]
[EventDate "2020.08.21"]
[Round "1"]
[Result "1-0"]
[White "Florence Rollot"]
[Black "Zsoka Gaal"]
[WhiteElo "1944"]
[BlackElo "1816"]
[Source "Chess-Results"]
[PlyCount "82"]

1. Nf3  c5  2. c4  Nc6  3. g3  g6  4. Bg2  Bg7  5. O-O  Nf6  6. Nc3  O-O  7. d4  cxd4  8. Nxd4  Qa5  9. Nb3  Qh5  10. Bf4  d6  11. Qd2  Bh3  12. f3  Bxg2  13. Kxg2  Ne5  14. Bxe5  Qxe5  15. Rac1  Rac8  16. Nb5  a6  17. N5d4  d5  18. c5  h5  19. h4  Kh7  20. Rc3  Bh6  21. Qd3  Kh8  22. c6  bxc6  23. Nxc6  Qd6  24. Nba5  Rg8  25. Rg1  g5  26. hxg5  Bxg5  27. Kf1  h4  28. Qf5  Bd2  29. Ne5  Qe6  30. Nxf7+  Qxf7  31. Rxc8  Bxa5  32. Rxg8+  Qxg8  33. gxh4  Qh7  34. Qc8+  Ng8  35. h5  Qb1+  36. Kg2  Qxb2  37. Kh1  Qg7  38. Rxg7  Kxg7  39. Qg4+  Kf7  40. Qg6+  Kf8  41. h6   1-0

[Event "FIDE Online Olympiad"]
[Site "Chess.com"]
[Date "2020.08.21"]
[EventDate "2020.08.21"]
[Round "1"]
[Result "1-0"]
[White "Kjetil A Lie"]
[Black "Daniel Barrish"]
[WhiteElo "2467"]
[BlackElo "2183"]
[Source "Chess-Results"]
[PlyCount "118"]

1. c4  e5  2. Nc3  Bb4  3. Nd5  Be7  4. d4  exd4  5. Qxd4  Nf6  6. Nxe7  Qxe7  7. Bg5  Nc6  8. Bxf6  Nxd4  9. Bxe7  Kxe7  10. O-O-O  Ne6  11. e3  b6  12. Ne2  Bb7  13. Nc3  d6  14. f3  a5  15. Bd3  Nc5  16. Bc2  g6  17. e4  Kd7  18. e5  Bc6  19. Rd2  Rhe8  20. exd6  cxd6  21. Rhd1  Re6  22. b3  Kc7  23. a3  Nd7  24. Kb2  f5  25. b4  axb4  26. axb4  Rae8  27. Bb3  Rf6  28. Ra1  Re3  29. Ra7+  Kb8  30. Rxd7  Bxd7  31. Nd5  Ree6  32. Nxf6  Rxf6  33. Kc3  Kc7  34. Ra2  Kb7  35. Kd4  Bc6  36. Re2  Rf7  37. b5  Bd7  38. Kd5  Kc7  39. Ra2  Bc8  40. Ra7+  Bb7+  41. Ke6  Rf8  42. Ke7  Rb8  43. h4  Rh8  44. Ra2  Rd8  45. Re2  Rd7+  46. Kf8  d5  47. cxd5  Bxd5  48. Bxd5  Rxd5  49. Re7+  Kd6  50. Rxh7  Ke6  51. Kg7  Rd2  52. g4  Rg2  53. g5  Rf2  54. Kxg6  Rxf3  55. Rb7  Rh3  56. Rxb6+  Ke5  57. h5  f4  58. Rf6  Rb3  59. b6   1-0

[Event "FIDE Online Olympiad"]
[Site "Chess.com"]
[Date "2020.08.21"]
[EventDate "2020.08.21"]
[Round "1"]
[Result "1-0"]
[White "Monika Machlik"]
[Black "Charlize van Zyl"]
[WhiteElo "1992"]
[BlackElo "1686"]
[Source "Chess-Results"]
[PlyCount "127"]

1. d4 d5 2. c4 e6 3. Nc3 a6 4. c5 b6 5. cxb6 cxb6 6. Bf4 Bd6
7. Bxd6 Qxd6 8. Nf3 Nc6 9. e3 Nf6 10. Be2 O-O 11. O-O b5
12. a4 b4 13. Na2 Bb7 14. Nc1 Na5 15. Nd3 Ne4 16. Re1 Rac8
17. Rc1 Nc4 18. Qb3 a5 19. Nde5 Nb6 20. Bb5 f6 21. Nd3 Bc6
22. Bxc6 Rxc6 23. Rxc6 Qxc6 24. Rc1 Nc4 25. Qd1 Qa6 26. Nfe1
Rc8 27. f3 Ng5 28. Nc5 Qc6 29. Qe2 Nf7 30. Ned3 e5 31. Qf2 e4
32. fxe4 dxe4 33. Nf4 Ncd6 34. Nfe6 Nb7 35. Qg3 g6 36. Rf1
Nxc5 37. Nxc5 f5 38. Qh4 Qd6 39. g4 g5 40. Qh5 f4 41. Nxe4 Qe7
42. Nc5 Qxe3+ 43. Rf2 Qe1+ 44. Kg2 Qe3 45. Qh3 Qxd4 46. Nb3
Qd5+ 47. Qf3 Qxf3+ 48. Kxf3 Ne5+ 49. Ke4 Nxg4 50. Rg2 Nf6+
51. Kf5 Nd7 52. Rxg5+ Kf7 53. Kxf4 Rc4+ 54. Kg3 Rc2 55. Rf5+
Kg6 56. Rf2 Rxf2 57. Kxf2 Nb6 58. Nxa5 Nxa4 59. b3 Nc3 60. Nc6
Nd5 61. Kf3 Kf5 62. Nd4+ Ke5 63. Nc2 h5 64. Kg3 1-0

[Event "FIDE Online Olympiad"]
[Site "Chess.com"]
[Date "2020.08.21"]
[EventDate "2020.08.21"]
[Round "1"]
[Result "1-0"]
[White "Banele Mhango"]
[Black "Johannes Haug"]
[WhiteElo "2035"]
[BlackElo "2216"]
[Source "Chess-Results"]
[PlyCount "80"]

1. d4 Nf6 2. c4 e6 3. g3 d5 4. Nf3 Bb4+ 5. Bd2 a5 6. Qc2 O-O
7. Bg2 c6 8. O-O Be7 9. Rd1 Nbd7 10. Bf4 Nh5 11. Bc1 f5
12. Nc3 Bd6 13. b3 Qe7 14. Bb2 Rb8 15. e3 b5 16. cxd5 cxd5
17. Ne2 Ba6 18. Ne5 Rfc8 19. Qd2 b4 20. Rac1 Bb5 21. Bf1 Nhf6
22. f3 g5 23. Rxc8+ Rxc8 24. Rc1 Ra8 25. e4 Qg7 26. Nxd7 Nxd7
27. e5 Bf8 28. Rc7 Qe7 29. Nc1 Qd8 30. Qc2 Bc4 31. Rxd7 Qxd7
32. bxc4 dxc4 33. Bxc4 Rc8 34. Qb3 Kg7 35. Bxe6 Rxc1+ 36. Bxc1
Qxd4+ 37. Qe3 Qd1+ 38. Kg2 f4 39. Qd2 Qa4 40. Qd7+ Qxd7 1-0

[Event "FIDE Online Olympiad"]
[Site "Chess.com"]
[Date "2020.08.21"]
[EventDate "2020.08.21"]
[Round "1"]
[Result "1-0"]
[White "Sabrina Vega Gutierrez"]
[Black "Inna Gaponenko"]
[WhiteElo "2243"]
[BlackElo "2375"]
[Source "Chess-Results"]
[PlyCount "57"]

1. e4 c5 2. Nf3 Nc6 3. d4 cxd4 4. Nxd4 Nf6 5. Nc3 e6 6. Ndb5
Bb4 7. a3 Bxc3+ 8. Nxc3 d5 9. exd5 exd5 10. Bd3 O-O 11. O-O d4
12. Ne2 Bg4 13. f3 Bh5 14. Nf4 Bg6 15. Nxg6 hxg6 16. f4 Ne7
17. Qf3 Nfd5 18. Bd2 Nf5 19. Rfe1 Nde3 20. Bxf5 Nxf5 21. Bb4
Re8 22. Qxb7 Ne3 23. Re2 Rc8 24. Rae1 Rxc2 25. Qxa7 Rxe2
26. Rxe2 Qc8 27. Qxd4 Nf5 28. Rxe8+ Qxe8 29. Qe5 1-0

[Event "FIDE Online Olympiad"]
[Site "Chess.com"]
[Date "2020.08.21"]
[EventDate "2020.08.21"]
[Round "1"]
[Result "1-0"]
[White "Kirill Shevchenko"]
[Black "Lance Henderson de La Fuente"]
[WhiteElo "2425"]
[BlackElo "2177"]
[Source "Chess-Results"]
[PlyCount "75"]

1. e4 e5 2. Nf3 Nc6 3. Bb5 a6 4. Ba4 Nf6 5. Nc3 b5 6. Bb3 Be7
7. a4 Rb8 8. axb5 axb5 9. d3 O-O 10. Nd5 d6 11. O-O Nxd5
12. Bxd5 Nb4 13. Bb3 c5 14. Be3 Be6 15. Bxe6 fxe6 16. c3 Nc6
17. d4 exd4 18. cxd4 Bf6 19. dxc5 dxc5 20. Bxc5 Qxd1 21. Rfxd1
Rfc8 22. Bd6 Ra8 23. e5 Bd8 24. Rac1 h6 25. Rc5 Na5 26. Rxb5
Nc4 27. h3 Ra2 28. b3 Nb2 29. Rd2 Ra1+ 30. Kh2 Nd1 31. Rc5
Rca8 32. Bc7 Be7 33. Bd6 Bd8 34. b4 Bb6 35. Rcc2 Kh7 36. Bc5
Bd8 37. Rd7 Kg8 38. Rcd2 1-0

[Event "FIDE Online Olympiad"]
[Site "Chess.com"]
[Date "2020.08.21"]
[EventDate "2020.08.21"]
[Round "1"]
[Result "1-0"]
[White "Rustam Khusnutdinov"]
[Black "Lubomir Ftacnik"]
[WhiteElo "2523"]
[BlackElo "2499"]
[Source "Chess-Results"]
[PlyCount "127"]

1. e4 c5 2. Nf3 d6 3. Bb5+ Nd7 4. Ba4 Nf6 5. O-O e6 6. Re1 a6
7. c4 Be7 8. Nc3 O-O 9. d4 cxd4 10. Qxd4 Qb6 11. Be3 Qxd4
12. Bxd4 Rb8 13. Rad1 e5 14. Ba7 Ra8 15. Be3 Rd8 16. Rd2 Rb8
17. Red1 b6 18. Bg5 h6 19. Bxf6 Nxf6 20. Nxe5 Bb7 21. Nc6 Bxc6
22. Bxc6 Rdc8 23. Bd5 b5 24. cxb5 axb5 25. Bb3 Bf8 26. f3 Rc5
27. Ne2 Rbc8 28. Nf4 Rc1 29. Nd3 Rxd1+ 30. Rxd1 Nd7 31. Nf4
Ne5 32. Kf2 Rc5 33. Ke2 g6 34. Rd2 h5 35. Rc2 Bh6 36. Nd3
Rxc2+ 37. Bxc2 Nxd3 38. Bxd3 b4 39. a4 bxa3 40. bxa3 Bg7
41. a4 Kf8 42. a5 Bd4 43. a6 Ke7 44. Bc4 f6 45. h4 g5 46. g3
Kd8 47. Bf7 Kc7 48. Bxh5 Kb6 49. Bg4 gxh4 50. gxh4 Kxa6
51. Bf5 Bb2 52. f4 d5 53. h5 Ba3 54. h6 Bf8 55. h7 Bg7
56. exd5 Kb6 57. Kf3 Kc5 58. Ke4 Kd6 59. Be6 f5+ 60. Kxf5 Ke7
61. Kg6 Bh8 62. f5 Be5 63. d6+ Kxd6 64. f6 1-0

[Event "FIDE Online Olympiad"]
[Site "Chess.com"]
[Date "2020.08.21"]
[EventDate "2020.08.21"]
[Round "1"]
[Result "1-0"]
[White "Julia Movsesian"]
[Black "Bibisara Assaubayeva"]
[WhiteElo "2271"]
[BlackElo "2321"]
[Source "Chess-Results"]
[PlyCount "101"]

1. e4 c5 2. Nf3 d6 3. Nc3 Nf6 4. d4 cxd4 5. Qxd4 a6 6. e5 Nc6
7. Qa4 dxe5 8. Nxe5 Bd7 9. Nxd7 Qxd7 10. Bd2 e6 11. O-O-O Qc8
12. f3 Bb4 13. a3 Be7 14. g4 b5 15. Qf4 b4 16. axb4 Nxb4
17. Qc4 Qb7 18. g5 Nfd5 19. Nxd5 Nxd5 20. Qa4+ Kf8 21. Bd3 Rb8
22. b3 Bb4 23. Be4 Bxd2+ 24. Rxd2 Rd8 25. Rhd1 h6 26. g6 fxg6
27. c4 Qc7 28. Bc2 Kf7 29. cxd5 exd5 30. Rxd5 Rxd5 31. Rxd5
Rd8 32. Rxd8 Qxd8 33. Qc4+ Kf8 34. Qxa6 Qd4 35. Qc8+ Ke7
36. Qc7+ Kf8 37. Kb1 g5 38. Qc8+ Ke7 39. Qf5 Qg1+ 40. Ka2 Qa7+
41. Kb2 Qd4+ 42. Ka3 Qa1+ 43. Kb4 Qe1+ 44. Kb5 Qe2+ 45. Bd3
Qxh2 46. b4 Qd2 47. Qc5+ Kf7 48. Qd5+ Ke7 49. Qe5+ Kf7
50. Bc4+ Kg6 51. Qe4+ 1-0

[Event "FIDE Online Olympiad"]
[Site "Chess.com"]
[Date "2020.08.21"]
[EventDate "2020.08.21"]
[Round "1"]
[Result "1-0"]
[White "Assel Serikbay"]
[Black "Dominika Ferkova"]
[WhiteElo "2075"]
[BlackElo "1820"]
[Source "Chess-Results"]
[PlyCount "81"]

1. d4 d5 2. Nf3 Nf6 3. c4 c6 4. g3 Bf5 5. Bg2 e6 6. O-O Nbd7
7. Nc3 h6 8. Nd2 Be7 9. e4 dxe4 10. Ndxe4 O-O 11. Bf4 Nxe4
12. Nxe4 Nf6 13. Nc3 a5 14. Qd2 Qb6 15. Rad1 Rad8 16. c5 Qa6
17. Na4 Rde8 18. Rfe1 Nd7 19. Bf1 Qa7 20. h3 b5 21. cxb6 Nxb6
22. Nxb6 Bb4 23. Qe3 Bxe1 24. Nc4 Bb4 25. g4 Bg6 26. a3 Be7
27. Bg2 Rc8 28. Ne5 Bf6 29. Nxg6 fxg6 30. Qxe6+ Kh8 31. Be3
Qc7 32. Qe4 Rfe8 33. Qxg6 Qb8 34. Bxh6 Qd6 35. Be3 Qe7
36. Qh5+ Kg8 37. g5 Rf8 38. gxf6 Qxf6 39. d5 Qf5 40. Qxf5 Rxf5
41. dxc6 1-0

[Event "FIDE Online Olympiad"]
[Site "Chess.com"]
[Date "2020.08.21"]
[EventDate "2020.08.21"]
[Round "2"]
[Result "1-0"]
[White "Anish Giri"]
[Black "Rinat Jumabayev"]
[WhiteElo "2731"]
[BlackElo "2562"]
[Source "Chess-Results"]
[PlyCount "83"]

1. d4 Nf6 2. c4 e6 3. Nf3 Bb4+ 4. Bd2 c5 5. e3 b6 6. Be2 Bb7
7. O-O O-O 8. Bxb4 cxb4 9. a3 bxa3 10. Rxa3 a5 11. Ne5 Na6
12. Nd2 d6 13. Nd3 Qc7 14. Bf3 Rfc8 15. Bxb7 Qxb7 16. Qa4 d5
17. Rb3 Qc7 18. Rc1 Nb4 19. Nxb4 axb4 20. Qb5 Ra5 21. Qxb4
dxc4 22. Qxb6 Qxb6 23. Rxb6 Nd5 24. Rb7 g6 25. g3 c3 26. Ne4
c2 27. Nd6 Rc6 28. Nxf7 Nf6 29. Ne5 Rc8 30. Nd3 Ra4 31. Rb4
Ra2 32. Nc5 Nd5 33. Rb7 e5 34. Rxc2 exd4 35. exd4 Ra1+ 36. Kg2
Re1 37. Rd2 g5 38. Nd3 Rb1 39. Re2 g4 40. Re5 Nf6 41. Rg5+ Kh8
42. Ne5 1-0

[Event "FIDE Online Olympiad"]
[Site "Chess.com"]
[Date "2020.08.21"]
[EventDate "2020.08.21"]
[Round "2"]
[Result "1-0"]
[White "Meruert Kamalidenova"]
[Black "Machteld van Foreest"]
[WhiteElo "1875"]
[BlackElo "1960"]
[Source "Chess-Results"]
[PlyCount "83"]

1. e4 e5 2. Nf3 Nc6 3. Bb5 Nf6 4. d3 Bc5 5. Bxc6 dxc6 6. O-O
Bg4 7. h3 h5 8. Be3 Bxe3 9. fxe3 Bxf3 10. Qxf3 Qd7 11. Nd2
O-O-O 12. a4 Rh6 13. b4 Rg6 14. Nc4 Re8 15. Qf5 Rg3 16. Nxe5
Qxf5 17. Rxf5 Re7 18. Kf2 h4 19. Nf3 Re6 20. Nxh4 Rg6 21. Nxg6
fxg6 22. Rf3 Kd7 23. g4 Ke7 24. Kg3 g5 25. Rf5 Nh7 26. Raf1
Rf6 27. h4 gxh4+ 28. Kxh4 Kf7 29. Rxf6+ gxf6 30. e5 Kg6
31. exf6 Nxf6 32. e4 Nd7 33. g5 Ne5 34. Rf6+ Kg7 35. Kh5 Nd7
36. Rf5 b6 37. g6 Kg8 38. Rf7 Ne5 39. Rxc7 c5 40. bxc5 bxc5
41. Rxc5 Nd7 42. Rc8+ 1-0

[Event "FIDE Online Olympiad"]
[Site "Chess.com"]
[Date "2020.08.21"]
[EventDate "2020.08.21"]
[Round "2"]
[Result "1-0"]
[White "Ana Matnadze"]
[Black "Julia Movsesian"]
[WhiteElo "2361"]
[BlackElo "2271"]
[Source "Chess-Results"]
[PlyCount "93"]

1. d4 d5 2. Nf3 Nf6 3. g3 c6 4. Bg2 Bg4 5. O-O Nbd7 6. c4 e6
7. Nc3 Be7 8. Qb3 Qb6 9. c5 Qxb3 10. axb3 O-O 11. b4 a6
12. Nd2 Bf5 13. Nb3 h6 14. Na5 Ra7 15. Bf4 Rc8 16. Rfc1 g5
17. Bd2 Bd8 18. Nb3 Raa8 19. f3 Bc7 20. e4 Bg6 21. e5 Ne8
22. Ra3 Ng7 23. Rca1 Rab8 24. Re1 Re8 25. Nd1 Nf5 26. Nf2 Rf8
27. Ng4 Kh7 28. Bf1 Rbe8 29. Bc3 Ng7 30. Na5 Bxa5 31. bxa5 h5
32. Nf2 f6 33. exf6 Nxf6 34. Bd2 Nf5 35. Ra4 g4 36. fxg4 hxg4
37. Be2 Bh5 38. Rb4 Rf7 39. Bf4 Rg8 40. Nd3 Ne4 41. Ne5 Rfg7
42. Bd3 Nf6 43. Bc2 Be8 44. Re3 Re7 45. Nxg4 Nxg4 46. Bxf5+
Bg6 47. Bxg4 1-0

[Event "FIDE Online Olympiad"]
[Site "Chess.com"]
[Date "2020.08.21"]
[EventDate "2020.08.21"]
[Round "2"]
[Result "1-0"]
[White "Zuzana Cibickova"]
[Black "Sabrina Vega Gutierrez"]
[WhiteElo "2291"]
[BlackElo "2243"]
[Source "Chess-Results"]
[PlyCount "117"]

1. e4 c5 2. Nf3 e6 3. d4 cxd4 4. Nxd4 Nc6 5. Nc3 a6 6. Be3 Nf6
7. Nxc6 bxc6 8. e5 Nd5 9. Nxd5 cxd5 10. Bd3 Qc7 11. Bd4 Bc5
12. Qg4 Bxd4 13. Qxd4 O-O 14. O-O Rb8 15. b3 a5 16. c4 Rb4
17. a3 Rxb3 18. cxd5 Qc3 19. Qxc3 Rxc3 20. Rfd1 exd5 21. Bb5
Rc5 22. Rab1 f6 23. Rxd5 Rxd5 24. Bc4 fxe5 25. Bxd5+ Kh8
26. Rb8 g6 27. Bb7 Kg7 28. Rxc8 Rf4 29. Kf1 Rd4 30. Rc5 Ra4
31. Rc3 Kf6 32. Ke2 Ke6 33. Rd3 e4 34. Rb3 Ke5 35. f3 d5
36. fxe4 dxe4 37. Ke3 h6 38. Bc6 Rc4 39. Bb5 Rc2 40. Be2 a4
41. Rb5+ Kf6 42. Ra5 Rc3+ 43. Kxe4 Rxa3 44. Ra6+ Kg7 45. Bb5
Ra2 46. Kf3 Ra3+ 47. Kg4 Ra2 48. Bc6 Rc2 49. Be4 Rc4 50. Kf3
g5 51. Rg6+ Kf7 52. Rxh6 g4+ 53. Ke3 Rc3+ 54. Kd4 Ra3 55. Ke5
Re3 56. Rh7+ Kg8 57. Ra7 a3 58. Kf4 Re2 59. Rxa3 1-0

[Event "FIDE Online Olympiad"]
[Site "Chess.com"]
[Date "2020.08.21"]
[EventDate "2020.08.21"]
[Round "2"]
[Result "1-0"]
[White "Frode Olav Olsen Urkedal"]
[Black "Vassily Ivanchuk"]
[WhiteElo "2491"]
[BlackElo "2686"]
[Source "Chess-Results"]
[PlyCount "129"]

1. d4 d5 2. c4 c6 3. Nf3 Nf6 4. e3 e6 5. b3 b6 6. Bd3 Bb7
7. O-O Nbd7 8. Bb2 g6 9. Nc3 Bg7 10. cxd5 exd5 11. Ba3 Bf8
12. Bxf8 Nxf8 13. Ne5 N8d7 14. f4 Qe7 15. Rc1 O-O 16. Qe1 Rae8
17. Qh4 Nh5 18. Qxe7 Rxe7 19. e4 dxe4 20. Bxe4 Nxe5 21. dxe5
f5 22. Bd3 Rd8 23. Rcd1 Kf8 24. Be2 Rxd1 25. Nxd1 Ng7 26. Ne3
Ne6 27. g4 fxg4 28. Bxg4 Nd4 29. b4 Rf7 30. Rf2 Ba6 31. Kg2 h5
32. Bd1 Ne6 33. f5 gxf5 34. Rxf5 h4 35. Kh3 Rxf5 36. Nxf5 Bd3
37. Nxh4 c5 38. bxc5 bxc5 39. Nf3 c4 40. Ne1 Bh7 41. Bc2 Bxc2
42. Nxc2 Kf7 43. Kg4 Kg6 44. h4 Nc5 45. h5+ Kh6 46. Kf5 Nb7
47. e6 Nd6+ 48. Ke5 Ne8 49. Kd5 Kxh5 50. Kxc4 Kg6 51. Kd5 Kf6
52. Nd4 a5 53. a4 Ke7 54. Nc6+ Kf6 55. e7 Kf7 56. Ke5 Ng7
57. Kd6 Ke8 58. Nd4 Kf7 59. Kd7 Ne8 60. Nb5 Nf6+ 61. Kd8 Ke6
62. Nc7+ Ke5 63. Na8 Ke6 64. Nb6 Kf7 65. Nd7 1-0

[Event "FIDE Online Olympiad"]
[Site "Chess.com"]
[Date "2020.08.21"]
[EventDate "2020.08.21"]
[Round "2"]
[Result "1-0"]
[White "Anton Korobov"]
[Black "Kjetil A Lie"]
[WhiteElo "2794"]
[BlackElo "2467"]
[Source "Chess-Results"]
[PlyCount "117"]

1. d4 Nf6 2. c4 c5 3. d5 e6 4. Nc3 exd5 5. cxd5 d6 6. Nf3 g6
7. Nd2 Bg7 8. e4 O-O 9. Be2 Re8 10. O-O Na6 11. Qc2 Nc7 12. a4
b6 13. Nc4 Ba6 14. Bf4 Bxc4 15. Bxc4 Nh5 16. Bd2 a6 17. f4
Bd4+ 18. Kh1 Qh4 19. Be1 Qe7 20. Bd3 b5 21. Rd1 bxa4 22. g4
Nf6 23. Bh4 Qd7 24. Bxf6 Bxf6 25. e5 Bg7 26. Bc4 Qxg4 27. Ne4
dxe5 28. f5 Nb5 29. d6 Nd4 30. Bxf7+ Kh8 31. Qg2 Qxg2+
32. Kxg2 Nxf5 33. Bxe8 Rxe8 34. d7 Rd8 35. Rxf5 gxf5 36. Nxc5
Bf6 37. Ne6 Rb8 38. d8=Q+ Bxd8 39. Rxd8+ Rxd8 40. Nxd8 Kg7
41. Nb7 Kf6 42. Nc5 e4 43. Nxa6 Ke5 44. Nc5 Kd4 45. Nxa4 f4
46. Nc3 Kd3 47. Nxe4 Kxe4 48. h4 Ke3 49. Kf1 Kd3 50. Kf2 Kc4
51. Kf3 Kb3 52. Kxf4 Kxb2 53. Kg5 Kc3 54. Kh6 Kd4 55. Kxh7 Ke5
56. Kg6 Ke6 57. h5 Ke7 58. h6 Kf8 59. h7 1-0

[Event "FIDE Online Olympiad"]
[Site "Chess.com"]
[Date "2020.08.21"]
[EventDate "2020.08.21"]
[Round "2"]
[Result "1-0"]
[White "Inna Gaponenko"]
[Black "Edit Machlik"]
[WhiteElo "2375"]
[BlackElo "1942"]
[Source "Chess-Results"]
[PlyCount "63"]

1. e4 c6 2. d4 d5 3. e5 Bf5 4. Nf3 e6 5. Be2 Ne7 6. c3 Nc8
7. O-O Nd7 8. Na3 Be7 9. Nc2 O-O 10. Ne3 Bg6 11. Ne1 c5 12. f4
f6 13. f5 Bxf5 14. Nxf5 exf5 15. e6 Ndb6 16. Rxf5 Nd6 17. Rh5
Ne4 18. Nd3 cxd4 19. cxd4 Rc8 20. Bf3 Rc6 21. Nf4 Rd6 22. Be3
Nc4 23. Qe2 Nxe3 24. Qxe3 f5 25. Bxe4 fxe4 26. Rf1 Bf6 27. Rh3
Qb6 28. Ne2 Be7 29. Rxf8+ Bxf8 30. Qg5 Qd8 31. Qf5 Qe7
32. Qxh7# 1-0

[Event "FIDE Online Olympiad"]
[Site "Chess.com"]
[Date "2020.08.21"]
[EventDate "2020.08.21"]
[Round "2"]
[Result "1-0"]
[White "Mariia Berdnyk"]
[Black "Thyra Kvendseth"]
[WhiteElo "2169"]
[BlackElo "1810"]
[Source "Chess-Results"]
[PlyCount "59"]

1. d4 Nf6 2. c4 g6 3. Nc3 Bg7 4. e4 d6 5. Be2 O-O 6. Be3 Nbd7
7. g4 e5 8. d5 Nc5 9. f3 a5 10. h4 Ne8 11. h5 f5 12. hxg6 hxg6
13. exf5 gxf5 14. Qc2 Qe7 15. g5 e4 16. f4 Bd7 17. O-O-O a4
18. Bh5 Nd3+ 19. Kb1 a3 20. b3 c6 21. Bg6 Nc7 22. Qh2 Rf7
23. Nge2 cxd5 24. Bd4 Ne5 25. fxe5 dxe5 26. Bb6 d4 27. Nxd4
exd4 28. Bxd4 Rf6 29. gxf6 Bxf6 30. Qh8+ 1-0

[Event "FIDE Online Olympiad"]
[Site "Chess.com"]
[Date "2020.08.21"]
[EventDate "2020.08.21"]
[Round "2"]
[Result "1-0"]
[White "Marc Andria Maurizzi"]
[Black "Kenneth T Solomon"]
[WhiteElo "2186"]
[BlackElo "2442"]
[Source "Chess-Results"]
[PlyCount "107"]

1. e4 e5 2. Nf3 Nc6 3. Bb5 a6 4. Ba4 Nf6 5. Nc3 b5 6. Bb3 Be7
7. a4 Rb8 8. axb5 axb5 9. d3 O-O 10. O-O d6 11. Be3 Bg4 12. h3
Bxf3 13. Qxf3 Nd4 14. Bxd4 exd4 15. Nd5 c6 16. Nxf6+ Bxf6
17. Ra7 Ra8 18. Rfa1 Rxa7 19. Rxa7 Qb6 20. Rd7 Qc5 21. g3 Qe5
22. Kg2 h5 23. h4 g6 24. Rc7 c5 25. Bd5 Kg7 26. Rb7 b4 27. Qd1
Qe8 28. f4 Qc8 29. Qf3 Qg4 30. Qxg4 hxg4 31. Rd7 b3 32. Bxb3
Bd8 33. Rxd6 Ba5 34. Rd7 Bd2 35. Be6 Kg8 36. Bb3 Bc1 37. Rc7
Bxb2 38. Rxc5 Bc1 39. Rc7 Be3 40. Ra7 Kh8 41. e5 Kg8 42. e6
fxe6 43. Bxe6+ Kh8 44. Bxg4 Rf6 45. Rc7 Rb6 46. Bf3 Bd2
47. Be4 Be3 48. Kf3 Rf6 49. Kg4 Rb6 50. Kg5 Bf2 51. g4 Be3
52. Bxg6 Rb5+ 53. Bf5 Rb1 54. h5 1-0

[Event "FIDE Online Olympiad"]
[Site "Chess.com"]
[Date "2020.08.21"]
[EventDate "2020.08.21"]
[Round "2"]
[Result "1-0"]
[White "Anaelle Afraoui"]
[Black "Rebecca Selkirk"]
[WhiteElo "1966"]
[BlackElo "1799"]
[Source "Chess-Results"]
[PlyCount "47"]

1. e4 c5 2. Nf3 e6 3. d4 cxd4 4. Nxd4 a6 5. Bd3 Nf6 6. Nc3 Qc7
7. O-O Nc6 8. Nxc6 dxc6 9. Kh1 h5 10. f4 Ng4 11. Be2 e5 12. f5
g6 13. fxg6 fxg6 14. Bc4 Rh7 15. Qf3 Bc5 16. h3 Qe7 17. Na4
Ba7 18. Bg5 Qg7 19. Rad1 Bd7 20. Qb3 Nf2+ 21. Rxf2 Bxf2
22. Qxb7 Rc8 23. Qxc8+ Bxc8 24. Rd8# 1-0

[Event "FIDE Online Olympiad"]
[Site "Chess.com"]
[Date "2020.08.21"]
[EventDate "2020.08.21"]
[Round "2"]
[Result "1-0"]
[White "Theo Bressy"]
[Black "Keith Khumalo"]
[WhiteElo "2180"]
[BlackElo "1921"]
[Source "Chess-Results"]
[PlyCount "87"]

1. e4 e6 2. d4 d5 3. Nc3 Nf6 4. e5 Nfd7 5. f4 c5 6. Nf3 Nc6
7. Be3 a6 8. Qd2 b5 9. dxc5 Bxc5 10. Bxc5 Nxc5 11. Qf2 Qe7
12. Bd3 Nb4 13. Rd1 Nbxd3+ 14. cxd3 b4 15. Ne2 Bd7 16. O-O Bb5
17. Nc1 O-O 18. Nd4 Bd7 19. Qe3 Rac8 20. Rd2 f6 21. exf6 Qxf6
22. g3 Rc7 23. Ndb3 Na4 24. Qe5 Rfc8 25. Qe2 Bb5 26. Re1 Rc6
27. Qf2 g6 28. h3 R6c7 29. Kh2 Rc6 30. d4 Qf5 31. g4 Qf6
32. Nd3 Bxd3 33. Rxd3 Rc2 34. Rd2 R2c4 35. Rde2 R4c6 36. Kg3
Rf8 37. Re5 Rfc8 38. R1e2 Kg7 39. Qe3 Kf7 40. g5 Qe7 41. Rxd5
Rc2 42. Re5 Nxb2 43. Rxe6 Rxe2 44. Rxe7+ 1-0

[Event "FIDE Online Olympiad"]
[Site "Chess.com"]
[Date "2020.08.21"]
[EventDate "2020.08.21"]
[Round "2"]
[Result "1-0"]
[White "Gunay Mammadzada"]
[Black "Petra Papp"]
[WhiteElo "2280"]
[BlackElo "2297"]
[Source "Chess-Results"]
[PlyCount "63"]

1. e4 e5 2. Nf3 Nc6 3. Bb5 a6 4. Ba4 Nf6 5. O-O Be7 6. Re1 b5
7. Bb3 O-O 8. c3 d5 9. exd5 Nxd5 10. Nxe5 Nxe5 11. Rxe5 c6
12. d3 Bd6 13. Re1 Bf5 14. Qf3 Re8 15. Rxe8+ Qxe8 16. Nd2 Qe1+
17. Nf1 Bg6 18. g3 b4 19. c4 Nf6 20. Bd1 Rd8 21. d4 Bh5
22. Bd2 Qe6 23. Qxc6 Bxd1 24. Rxd1 Ne4 25. Re1 f5 26. f3 Rc8
27. Qxa6 Qf6 28. Qxc8+ Bf8 29. fxe4 Qxd4+ 30. Be3 Qxe4 31. Bc5
Qxe1 32. Qxf8# 1-0

[Event "FIDE Online Olympiad"]
[Site "Chess.com"]
[Date "2020.08.21"]
[EventDate "2020.08.21"]
[Round "3"]
[Result "1-0"]
[White "Adam Kozak"]
[Black "Liam Vrolijk"]
[WhiteElo "2438"]
[BlackElo "2470"]
[Source "Chess-Results"]
[PlyCount "69"]

1. Nf3 d5 2. c4 e6 3. g3 Nf6 4. Bg2 c5 5. cxd5 exd5 6. O-O Nc6
7. d4 cxd4 8. Nxd4 Bc5 9. Nxc6 bxc6 10. Qc2 Qb6 11. Nc3 Be7
12. Na4 Qb5 13. Be3 O-O 14. Rac1 Bg4 15. Rfe1 Rfc8 16. Bc5
Bxc5 17. Nxc5 Rab8 18. b3 Nd7 19. e4 dxe4 20. Bxe4 Nf6 21. Bg2
Re8 22. h3 Bh5 23. Rxe8+ Rxe8 24. Ne4 Nxe4 25. Bxe4 Bg6
26. Qxc6 Qe5 27. Bxg6 hxg6 28. Kg2 Kh7 29. Rc4 g5 30. Rc5 Qe7
31. Rxg5 Qxg5 32. Qxe8 Qd5+ 33. Kh2 Qd2 34. Qxf7 Qxa2 35. h4
1-0